Endocrines and osmoregulation: a comparative account of the regulation of water and salt in vertebrates
Guardat en:
| Autor principal: | |
|---|---|
| Format: | Llibre |
| Idioma: | anglès |
| Publicat: |
Berlín
Springer-Verlag
1971
|
| Col·lecció: | Zoophysiology and ecology, 1
|
| Matèries: | |
| Etiquetes: |
Afegir etiqueta
Sense etiquetes, Sigues el primer a etiquetar aquest registre!
|
MARC
| LEADER | 00000nam a2200000 a 4500 | ||
|---|---|---|---|
| 001 | UCY2663 | ||
| 003 | CL-VaPUC | ||
| 008 | 941110e19710000GW |||||||||||||||||eng|d | ||
| 082 | 0 | 4 | |a 596.0142 |b BEN |2 21 |
| 100 | 0 | |a Bentley, P. J |e author |9 330741 | |
| 245 | 1 | 0 | |a Endocrines and osmoregulation: a comparative account of the regulation of water and salt in vertebrates |
| 300 | |a 300 p | ||
| 942 | |c BK | ||
| 945 | |d 19941110 00:00:00 |a mfernand | ||
| 260 | |a Berlín |b Springer-Verlag |c 1971 | ||
| 650 | 7 | |a ENDOCRINOLOGIA COMPARADA |2 CL-VaPUC |9 330742 | |
| 650 | 0 | |a Vertebrados |x Fisiología |9 859505 | |
| 583 | |a last modification |c 19941110 00:00:00 |k Rodrigo Vera | ||
| 490 | 0 | |a Zoophysiology and ecology, 1 | |
| 999 | |c 231018 |d 231016 | ||
| 952 | |0 0 |1 0 |2 ddc |4 0 |6 596_014200000000000_BEN_1971 |7 0 |8 CCM |9 233772 |a BIBCUR |b BIBCUR |c PAC |d 2019-11-15 |i 303271K |o 596.0142 BEN 1971 |p 303271K |r 2025-04-22 |w 2019-11-15 |y BK |k CIM | ||